| 000 | 01591cam a22003615i 4500 | ||
|---|---|---|---|
| 999 |
_c27643 _d27614 |
||
| 001 | 011975515 | ||
| 003 | EG-ScBUE | ||
| 005 | 20190923104026.0 | ||
| 008 | 030506t1995 nju f b 001 0 eng d | ||
| 020 | _a0691027757 (pbk.) | ||
| 020 | _a9780691027753 (pbk.) | ||
| 040 |
_aDLC _beng _erda _cDLC _dUk _dEG-ScBUE |
||
| 082 | 0 | 4 |
_a338.9 _bHAG _222 |
| 100 | 1 |
_aHaggard, Stephan, _eauthor. |
|
| 245 | 1 | 4 |
_aThe Political economy of democratic transitions / _cStephan Haggard and Robert R. Kaufman. |
| 264 | 1 |
_aPrinceton, New Jersey ; _aChichester, UK : _bPrinceton University Press, _c[1995] |
|
| 264 | 4 | _cc1995 | |
| 300 |
_axiv, 391 p. ; _c24 cm |
||
| 336 |
_atext _btxt _2rdacontent |
||
| 337 |
_aunmediated _bn _2rdamedia |
||
| 338 |
_avolume _bnc _2rdacarrier |
||
| 504 | _aIncludes bibliographical references and index. | ||
| 520 | _aSince the 1970s there has been a widespread movement from authoritarian to democratic rule among developing countries, often occuring against a backdrop of severe economic crises and the adoption of market-oriented reforms. This book analyzes this relationship, addressing a variety of questions. | ||
| 650 | 7 |
_aDemocracy _xEconomic aspects. _2BUEsh |
|
| 650 | 7 |
_aAuthoritarianism _xEconomic aspects. _2BUEsh |
|
| 650 | 7 |
_aEconomic policy _xPolitical aspects. _2BUEsh |
|
| 650 | 7 |
_aDemocracy _xCross-cultural studies. _2BUEsh |
|
| 650 | 7 |
_aAuthoritarianism _xCross-cultural studies. _2BUEsh |
|
| 650 | 7 |
_aEconomic policy _xCross-cultural studies. _2BUEsh |
|
| 653 |
_bMASPPSS _cSeptember2019 |
||
| 700 | 1 |
_aKaufman, Robert R. _eauthor. |
|
| 942 |
_2ddc _cBB |
||